[Event "4NCL/Div1/BET vs. GUI1"]
[Site "Telford ENG"]
[Date "2003.04.12"]
[Round "7.1"]
[White "Pert, Nicholas"]
[Black "Flear, Glenn C"]
[Result "0-1"]
[WhiteElo "2484"]
[BlackElo "2509"]
[PlyCount "144"]
[EventDate "2003.04.12"]

1. d4 d5 2. c4 e6 3. Nf3 Nf6 4. Nc3 c6 5. Bg5 Nbd7 6. cxd5 exd5 7. e3 Be7 8.
Bd3 O-O 9. O-O Re8 10. Rb1 a5 11. a3 Nh5 12. Bxe7 Qxe7 13. b4 axb4 14. axb4 Nb6
15. b5 c5 16. dxc5 Qxc5 17. Rc1 Qb4 18. Bb1 Nf6 19. Qd4 Qxd4 20. Nxd4 Bd7 21.
Nce2 Rec8 22. Bf5 g6 23. Bd3 Kf8 24. Nb3 Ke7 25. Ned4 Rxc1 26. Rxc1 Rc8 27. Ra1
Rc3 28. Be2 Ne4 29. Kf1 Nd6 30. Rb1 Nbc4 31. Bxc4 Nxc4 32. Ke1 Na3 33. Rb2 b6
34. Kd2 Rc7 35. Ra2 Ra7 36. Ra1 Nxb5 37. Nxb5 Rxa1 38. Nxa1 Bxb5 39. Nb3 Bf1
40. g3 Kd6 41. Kc3 Bc4 42. Nd4 Kc5 43. h4 h5 44. Nc2 Bb5 45. Nb4 Be2 46. Nc2
Bf3 47. Nb4 Be4 48. Na6+ Kb5 49. Nb4 f6 50. f4 Kc5 51. Na6+ Kc6 52. Nb4+ Kd6
53. Kd2 Ke6 54. Nc6 Kf5 55. Ke2 Kg4 56. Kf2 b5 57. Nb4 g5 58. fxg5 fxg5 59.
hxg5 Kxg5 60. Ke2 Kf5 61. Nc6 Bh1 62. Nb4 Ke4 63. Na2 d4 64. exd4 Kxd4 65. Kd2
Bd5 66. Nb4 Bc4 67. Nc2+ Ke4 68. Ne3 Kf3 69. Nf5 Kg4 70. Ng7 b4 71. Kc2 Bf7 72.
Kb2 Kg5 0-1

[Event "4NCL/Div1/BET vs. GUI1"]
[Site "Telford ENG"]
[Date "2003.04.12"]
[Round "7.2"]
[White "Kosten, Anthony C"]
[Black "Ledger, Andrew J"]
[Result "1/2-1/2"]
[WhiteElo "2545"]
[BlackElo "2428"]
[PlyCount "81"]
[EventDate "2003.04.12"]

1. c4 Nf6 2. Nf3 c5 3. g3 d5 4. cxd5 Nxd5 5. Nc3 Nc6 6. Bg2 Nxc3 7. bxc3 g6 8.
Ng5 e6 9. Bxc6+ bxc6 10. Qa4 Be7 11. d3 Qd5 12. O-O O-O 13. Ne4 f5 14. c4 Qd7
15. Nd2 e5 16. Bb2 Qe6 17. Qa5 e4 18. Nb3 f4 19. Nxc5 Qf5 20. Nb3 exd3 21. exd3
Qh3 22. f3 fxg3 23. Qd2 Bg5 24. Qg2 Be3+ 25. Kh1 gxh2 26. Bd4 Bxd4 27. Nxd4
Qxg2+ 28. Kxg2 Rd8 29. Nxc6 Rxd3 30. Rad1 Rxd1 31. Rxd1 Bb7 32. Na5 Rb8 33. c5
Ba6 34. Rd2 Rb4 35. Kxh2 Ra4 36. Nb3 Bb5 37. Nd4 a6 38. Nxb5 axb5 39. Rc2 Ra7
40. c6 Rc7 41. Kg3 1/2-1/2

[Event "4NCL/Div1/BET vs. GUI1"]
[Site "Telford ENG"]
[Date "2003.04.12"]
[Round "7.3"]
[White "Pert, Richard G"]
[Black "Hebden, Mark L"]
[Result "0-1"]
[WhiteElo "2393"]
[BlackElo "2526"]
[PlyCount "55"]
[EventDate "2003.04.12"]

1. d4 Nf6 2. Bg5 d5 3. e3 c5 4. Bxf6 gxf6 5. dxc5 Qa5+ 6. Nc3 e6 7. Qh5 Bd7 8.
O-O-O Bxc5 9. Qh6 Be7 10. Qg7 Rf8 11. Qxh7 Nc6 12. Nge2 Rc8 13. e4 d4 14. Nxd4
Nxd4 15. Rxd4 Rxc3 16. bxc3 Qxc3 17. Rd3 Ba3+ 18. Kd1 Qa1+ 19. Ke2 Bb5 20. Qh5
a6 21. g4 Ke7 22. Kf3 Bxd3 23. cxd3 Rc8 24. Bg2 Qd4 25. Re1 Rc2 26. Re3 Bc1 27.
Qh4 Bxe3 28. fxe3 0-1

[Event "4NCL/Div1/BET vs. GUI1"]
[Site "Telford ENG"]
[Date "2003.04.12"]
[Round "7.4"]
[White "Gormally, Daniel W"]
[Black "Williams, Simon K"]
[Result "1/2-1/2"]
[WhiteElo "2496"]
[BlackElo "2375"]
[PlyCount "99"]
[EventDate "2003.04.12"]

1. e4 c5 2. Nf3 d6 3. Bb5+ Nd7 4. d4 Ngf6 5. O-O a6 6. Bxd7+ Nxd7 7. Bg5 h6 8.
Bh4 g5 9. Bg3 Bg7 10. Nc3 cxd4 11. Nxd4 Ne5 12. Nf5 Bxf5 13. exf5 O-O 14. h4 e6
15. hxg5 hxg5 16. f4 Nc4 17. Qe2 d5 18. fxe6 Qb6+ 19. Bf2 Qxe6 20. Qh5 Qg6 21.
Qg4 gxf4 22. Qxf4 Bh6 23. Qg3 Rad8 24. Qxg6+ fxg6 25. Bh4 Be3+ 26. Kh2 g5 27.
Bg3 Rxf1 28. Rxf1 Kg7 29. Kh3 Bd4 30. Nd1 Nd2 31. Re1 Ne4 32. c3 Bc5 33. Be5+
Kg6 34. g4 Re8 35. Bg3 b5 36. Kg2 {(=)} 36... b4 37. cxb4 Bxb4 38. Re2 Rc8 {(=)
} 39. Be5 Bd2 40. Nf2 Bf4 41. Bxf4 Nxf2 42. Kxf2 gxf4 43. Re6+ Kf7 44. Rxa6
Rc2+ 45. Kf3 Rxb2 46. Kxf4 d4 47. g5 Re2 48. a4 d3 49. g6+ Kg7 50. Rd6 1/2-1/2

[Event "4NCL/Div1/BET vs. GUI1"]
[Site "Telford ENG"]
[Date "2003.04.12"]
[Round "7.5"]
[White "Hunt, Adam C"]
[Black "Matros, Alexander"]
[Result "1-0"]
[WhiteElo "2366"]
[BlackElo "2452"]
[PlyCount "89"]
[EventDate "2003.04.12"]

1. e4 e5 2. Nf3 Nc6 3. Bb5 Nf6 4. d3 Bc5 5. O-O d6 6. c3 O-O 7. Nbd2 Bb6 8. Nc4
Ne7 9. Nxb6 axb6 10. Nh4 Be6 11. f4 exf4 12. Bxf4 Ng6 13. Bg5 Ra5 14. a4 c6 15.
b4 Ra8 16. Bc4 Bxc4 17. dxc4 Nxh4 18. Bxh4 Re8 19. Bxf6 gxf6 20. Qg4+ Kh8 21.
Qh4 Re6 22. Rf3 Qf8 23. Rh3 Qg7 24. Rg3 Qf8 25. Rf1 Rxa4 26. Rxf6 Ra1+ 27. Kf2
Ra2+ 28. Ke3 Ra8 29. Rgf3 Qg7 30. Rxe6 fxe6 31. Qf6 Re8 32. e5 Qxf6 33. Rxf6
Kg7 34. Ke4 d5+ 35. cxd5 exd5+ 36. Kd4 Re7 37. b5 Rc7 38. g4 h6 39. Rd6 h5 40.
g5 h4 41. e6 Kg6 42. Rd7 Rc8 43. e7 Re8 44. Ke5 Kxg5 45. Ke6 1-0

[Event "4NCL/Div1/BET vs. GUI1"]
[Site "Telford ENG"]
[Date "2003.04.12"]
[Round "7.6"]
[White "Prie, Eric"]
[Black "Eames, Robert G"]
[Result "1-0"]
[WhiteElo "2446"]
[BlackElo "2313"]
[PlyCount "71"]
[EventDate "2003.04.12"]

1. Nf3 f5 2. g3 Nf6 3. Bg2 g6 4. O-O Bg7 5. c4 O-O 6. Nc3 d6 7. d4 Qe8 8. Nd5
Nxd5 9. cxd5 Qb5 10. Qb3 Qxb3 11. axb3 c6 12. dxc6 Nxc6 13. Rd1 Bd7 14. e3 h6
15. Bd2 a6 16. Bc3 Rac8 17. Nd2 g5 18. Nc4 Rb8 19. Nb6 Be8 20. Bxc6 Bxc6 21. d5
Bb5 22. Bxg7 Kxg7 23. f4 Rfe8 24. Rac1 e5 25. Rc7+ Kg6 26. fxg5 hxg5 27. Rdc1
f4 28. e4 fxg3 29. hxg3 Rf8 30. Nc8 Rf3 31. R1c3 Rf1+ 32. Kg2 Rb1 33. g4 Be2
34. Kg3 Rf1 35. Rd7 Rf6 36. Ne7+ 1-0

[Event "4NCL/Div1/BET vs. GUI1"]
[Site "Telford ENG"]
[Date "2003.04.12"]
[Round "7.7"]
[White "Ledger, David J"]
[Black "Baker, Christopher W"]
[Result "0-1"]
[WhiteElo "2299"]
[BlackElo "2359"]
[PlyCount "92"]
[EventDate "2003.04.12"]

1. e4 Nc6 2. Nf3 d6 3. d4 Nf6 4. Nc3 Bg4 5. Be2 e6 6. O-O Be7 7. h3 Bxf3 8.
Bxf3 e5 9. Be3 exd4 10. Bxd4 Nxd4 11. Qxd4 O-O 12. Rad1 Nd7 13. Nd5 Bf6 14. Qb4
Nc5 15. b3 a5 16. Qc4 Re8 17. Rfe1 Be5 18. a4 g6 19. g3 h5 20. Bg2 c6 21. Ne3
Bg7 22. Nf1 h4 23. gxh4 Qxh4 24. Rxd6 Ne6 25. Rd7 Rf8 26. Red1 Rae8 27. Rxb7
Nf4 28. Rdd7 Re6 29. Ng3 Be5 30. b4 axb4 31. a5 Rf6 32. Rd2 Nxh3+ 33. Bxh3 Bxg3
34. fxg3 Qxg3+ 35. Rg2 Qxh3 36. Qd4 Qf3 37. Rxb4 Qf1+ 38. Kh2 Kg7 39. Rb3 c5
40. Qxc5 Rh8+ 41. Rh3 Qf4+ 42. Rgg3 Rd8 43. Qc3 Rd2+ 44. Kh1 Qxe4+ 45. Rf3 Qe1+
46. Rf1 Qxf1# 0-1

[Event "4NCL/Div1/BET vs. GUI1"]
[Site "Telford ENG"]
[Date "2003.04.12"]
[Round "7.8"]
[White "Flear, Christine"]
[Black "Tidman, Sophie"]
[Result "1/2-1/2"]
[WhiteElo "2213"]
[BlackElo "2129"]
[PlyCount "57"]
[EventDate "2003.04.12"]

1. d4 e6 2. c4 Nf6 3. Nc3 Bb4 4. e3 b6 5. Nge2 Ne4 6. f3 Nxc3 7. bxc3 Be7 8. e4
Nc6 9. f4 Ba6 10. Ng3 Na5 11. Qa4 c6 12. Be2 O-O 13. O-O d5 14. cxd5 Bxe2 15.
Nxe2 cxd5 16. e5 Nc4 17. f5 exf5 18. Rxf5 a6 19. Qd1 Qd7 20. Rf3 Rac8 21. Qd3
Rc6 22. Rh3 h6 23. Ng3 Rfc8 24. Nf5 Bf8 25. Rg3 Kh8 26. a4 Na5 27. Bb2 Nc4 28.
Bc1 Na5 29. Bb2 1/2-1/2

[Event "4NCL/Div1/BRI1 vs. BAR2"]
[Site "Telford ENG"]
[Date "2003.04.12"]
[Round "7.1"]
[White "Ansell, Simon"]
[Black "Rogers, Jonathan W"]
[Result "1/2-1/2"]
[WhiteElo "2394"]
[BlackElo "2346"]
[PlyCount "54"]
[EventDate "2003.04.12"]

1. e4 e5 2. Nf3 Nc6 3. Bb5 Bc5 4. Qe2 Qf6 5. Nc3 Nge7 6. Nd5 Nxd5 7. exd5 Ne7
8. O-O O-O 9. Qxe5 Qxe5 10. Nxe5 d6 11. Nd3 Nxd5 12. Nxc5 dxc5 13. Be2 Re8 14.
Bf3 Nb4 15. Bd1 c4 16. a3 Nc6 17. a4 Bf5 18. g4 Be4 19. f3 Bd5 20. Ra3 f5 21.
gxf5 Nd4 22. Re3 Nxf5 23. Rxe8+ Rxe8 24. Kf2 a5 25. Rg1 Nd4 26. Rg5 c6 27. Rg4
c5 1/2-1/2

[Event "4NCL/Div1/BRI1 vs. BAR2"]
[Site "Telford ENG"]
[Date "2003.04.12"]
[Round "7.2"]
[White "Berry, Neil"]
[Black "Cobb, Charles"]
[Result "1/2-1/2"]
[WhiteElo "2293"]
[BlackElo "2331"]
[PlyCount "60"]
[EventDate "2003.04.12"]

1. d4 Nf6 2. c4 e6 3. Nc3 d5 4. cxd5 exd5 5. Bg5 c6 6. e3 Nbd7 7. Bd3 Be7 8.
Qc2 Nh5 9. Bxe7 Qxe7 10. Nge2 g6 11. O-O-O Nb6 12. Kb1 Be6 13. Nc1 O-O-O 14.
Nb3 Ng7 15. Nc5 Bf5 16. b3 Kb8 17. Rc1 Nd7 18. N3a4 Nxc5 19. Nxc5 Bxd3 20. Nxd3
Rhe8 21. h4 Nh5 22. Ne5 Nf6 23. Qc5 h5 24. Qxe7 Rxe7 25. Rc2 Nd7 26. Nd3 a6 27.
a4 Kc7 28. a5 Nf6 29. Nc5 Ne4 30. Nxe4 Rxe4 1/2-1/2

[Event "4NCL/Div1/BRI1 vs. BAR2"]
[Site "Telford ENG"]
[Date "2003.04.12"]
[Round "7.3"]
[White "Burgess, Graham"]
[Black "D'Costa, Lorin AR"]
[Result "0-1"]
[WhiteElo "2293"]
[BlackElo "2289"]
[PlyCount "56"]
[EventDate "2003.04.12"]

1. d4 d5 2. c4 e6 3. Nf3 c6 4. Nc3 Nf6 5. Bg5 h6 6. Bh4 Nbd7 7. e3 Be7 8. Bd3
O-O 9. O-O b6 10. cxd5 exd5 11. Ne5 Nxe5 12. dxe5 Ng4 13. Bg3 Bh4 14. Bf4 Qe8
15. Qa4 g5 16. g3 gxf4 17. exf4 Bd8 18. h3 b5 19. Qd1 Nxe5 20. fxe5 Qxe5 21.
Re1 Qf6 22. Re3 Qg7 23. Ne2 Bb6 24. Rf3 Bxh3 25. g4 Bxg4 26. Rg3 f5 27. Qd2 f4
28. Nxf4 Qg5 0-1

[Event "4NCL/Div1/BRI1 vs. BAR2"]
[Site "Telford ENG"]
[Date "2003.04.12"]
[Round "7.4"]
[White "Shikerov, Stefan"]
[Black "Beaumont, Chris"]
[Result "1/2-1/2"]
[WhiteElo "2339"]
[BlackElo "2328"]
[PlyCount "120"]
[EventDate "2003.04.12"]

1. d4 g6 2. e4 Bg7 3. Nf3 d6 4. c3 Nf6 5. Bd3 O-O 6. O-O Nc6 7. Nbd2 e5 8. dxe5
Nxe5 9. Nxe5 dxe5 10. Nc4 Nh5 11. Bc2 Be6 12. Qxd8 Rfxd8 13. Ne3 Nf4 14. Rd1
Rxd1+ 15. Bxd1 Rd8 16. Bb3 Bxb3 17. axb3 Nd3 18. Nd5 Nxc1 19. Rxc1 c6 20. Ne3
Bh6 21. Rd1 Rxd1+ 22. Nxd1 f5 23. f3 a5 24. Kf2 Kf7 25. Ke2 Bc1 26. Kd3 Ke6 27.
c4 Kd6 {(=)} 28. Kc3 b5 29. Nf2 Be3 30. Nd3 h5 31. Kc2 Bd4 32. Kb1 Be3 33. Kc2
Bd4 34. Nc1 Bg1 35. h3 Kc5 36. cxb5 cxb5 37. Kc3 Bd4+ 38. Kc2 Be3 39. Ne2 Bf2
40. Nc3 Be1 41. Ne2 fxe4 42. fxe4 Bf2 43. Kc3 Be1+ 44. Kd3 Bf2 45. Nc1 Bd4 46.
Kc2 Be3 47. Ne2 Bf2 48. Kd3 Kb4 49. Nc1 a4 50. bxa4 bxa4 51. g4 hxg4 52. hxg4
Bb6 53. Kc2 Kc4 54. b3+ Kd4 55. bxa4 Kxe4 56. Nb3 Kf4 57. a5 Ba7 58. Kd3 e4+
59. Ke2 Kxg4 60. a6 g5 1/2-1/2

[Event "4NCL/Div1/BRI1 vs. BAR2"]
[Site "Telford ENG"]
[Date "2003.04.12"]
[Round "7.5"]
[White "Buckley, Simon T"]
[Black "Cox, John J"]
[Result "1-0"]
[WhiteElo "2266"]
[BlackElo "2316"]
[PlyCount "47"]
[EventDate "2003.04.12"]

1. d4 e6 2. e4 d5 3. Nd2 Nf6 4. e5 Nfd7 5. c3 c5 6. Ngf3 Nc6 7. Bd3 Qb6 8. O-O
g6 9. Re1 Bg7 10. Qa4 O-O 11. Nf1 cxd4 12. cxd4 Qb4 13. Qxb4 Nxb4 14. Bb1 a5
15. Bd2 Nb6 16. a3 Nc6 17. Bd3 Bd7 18. Rac1 a4 19. Rc5 Rfc8 20. Rb5 Ra6 21. Rc5
Raa8 22. Rec1 Nd8 23. Bg5 Bf8 24. Rxc8 1-0

[Event "4NCL/Div1/BRI1 vs. BAR2"]
[Site "Telford ENG"]
[Date "2003.04.12"]
[Round "7.6"]
[White "Trent, Lawrence"]
[Black "Headlong, Timothy"]
[Result "1-0"]
[WhiteElo "2257"]
[BlackElo "2208"]
[PlyCount "71"]
[EventDate "2003.04.12"]

1. e4 c5 2. Nf3 Nc6 3. Bb5 g6 4. O-O Bg7 5. c3 Nf6 6. d4 cxd4 7. cxd4 Nxe4 8.
d5 Nd6 9. Na3 a6 10. Qa4 Na7 11. Bd3 b5 12. Qh4 Bb7 13. Bh6 Kf8 14. Qd4 f6 15.
Bf4 Nac8 16. Rac1 Qb6 17. Rc5 Kf7 18. h4 Nf5 19. Qb4 d6 20. Rc6 Bxc6 21. dxc6
Qxc6 22. Rc1 Qd7 23. Be4 Rb8 {(=)} 24. Bc6 Qa7 25. g4 Nh6 26. Be3 Nb6 27. Qb3+
e6 28. Re1 Rhe8 29. Nd4 Nxg4 30. Nxe6 Rxe6 31. Bxb6 Qxb6 32. Qxe6+ Kf8 33.
Qxd6+ Kg8 34. Re8+ Rxe8 35. Bd5+ Kh8 36. Qxb6 1-0

[Event "4NCL/Div1/BRI1 vs. BAR2"]
[Site "Telford ENG"]
[Date "2003.04.12"]
[Round "7.7"]
[White "Collier, David O"]
[Black "Coleman, David"]
[Result "1/2-1/2"]
[WhiteElo "2273"]
[BlackElo "2239"]
[PlyCount "88"]
[EventDate "2003.04.12"]

1. d4 Nf6 2. Bg5 d5 3. Bxf6 exf6 4. e3 Be6 5. Nd2 c6 6. Bd3 Bd6 7. Ngf3 Nd7 8.
O-O f5 9. g3 Qf6 10. c4 h5 11. h4 Qe7 12. cxd5 cxd5 13. Rc1 g6 14. Nb3 Nf6 15.
Nc5 Bc8 16. Qb3 O-O 17. Rfe1 b6 18. Na4 Bb7 19. Nc3 Rac8 20. a3 Rfd8 21. Ne2
Rxc1 22. Rxc1 Ne4 23. Re1 Kg7 24. Nf4 Bb8 25. Bf1 Kh6 26. Qd1 Bc6 27. Qc2 Bb7
28. Qd1 Qe8 29. Bd3 f6 30. Kg2 Qf7 31. Rh1 Rc8 32. Qb3 Bc6 33. Ba6 Rd8 34. Rc1
Qd7 35. Qc2 Bb7 36. Bxb7 Qxb7 37. Qc6 Qf7 38. Qe6 Qxe6 39. Nxe6 Rd7 40. Rc8 Bd6
41. Rh8+ Rh7 42. Rd8 Re7 43. Rh8+ Rh7 44. Re8 Rd7 1/2-1/2

[Event "4NCL/Div1/BRI1 vs. BAR2"]
[Site "Telford ENG"]
[Date "2003.04.12"]
[Round "7.8"]
[White "Rutherford, Elaine"]
[Black "Buckley, Melanie"]
[Result "1-0"]
[WhiteElo "2058"]
[BlackElo "2145"]
[PlyCount "123"]
[EventDate "2003.04.12"]

1. e4 e6 2. d4 d5 3. Nd2 Be7 4. c3 c5 5. dxc5 Bxc5 6. Nb3 Bb6 7. exd5 exd5 8.
Qf3 Ne7 9. Bd3 Nbc6 10. Bf4 Ng6 11. Bxg6 hxg6 12. O-O-O Be6 13. Ne2 Qf6 14. Qg3
Qh4 15. Qxh4 Rxh4 16. Bg3 Rh8 17. Nf4 O-O-O 18. Rhe1 Rde8 19. Nxd5 Bxd5 20.
Rxe8+ Rxe8 21. Rxd5 Re1+ 22. Rd1 Re2 23. Rd2 Re1+ 24. Kc2 a5 25. f3 Re8 26. Nc1
Bd8 27. Re2 Rh8 28. Nd3 Bf6 29. h3 b6 30. Nf4 Ne7 31. Bf2 Kb7 32. Rd2 Kc6 33.
Ne2 Nf5 34. Nd4+ Bxd4 35. Bxd4 Nxd4+ 36. Rxd4 Rb8 37. Kd3 Rb7 38. Rc4+ Kd5 39.
Rc8 Re7 40. Rb8 Kc5 41. Rc8+ Kd5 42. Rg8 f6 43. Rd8+ Kc5 44. Kd2 Kc6 45. h4 Kc7
46. Rd4 Kc6 47. Rg4 Rd7+ 48. Kc2 Re7 49. Rxg6 a4 50. h5 Kc5 51. Rg4 Re5 52.
Rxg7 Rxh5 53. Rg6 Rh2 54. Kd3 b5 55. b3 a3 56. Kc2 b4 57. cxb4+ Kb5 58. Kc3 Rh1
59. Rxf6 Ra1 60. Rf5+ Kb6 61. b5 Rxa2 62. Kb4 1-0

[Event "4NCL/Div1/RIC vs. SWD1"]
[Site "Telford ENG"]
[Date "2003.04.12"]
[Round "7.1"]
[White "Bates, Richard A"]
[Black "Cobb, James E"]
[Result "0-1"]
[WhiteElo "2367"]
[BlackElo "2318"]
[PlyCount "60"]
[EventDate "2003.04.12"]

1. d4 Nf6 2. Nf3 e6 3. c4 d5 4. g3 c5 5. cxd5 exd5 6. Nc3 Nc6 7. Bg2 Be7 8. O-O
O-O 9. Bg5 cxd4 10. Nxd4 h6 11. Be3 Re8 12. Qb3 Na5 13. Qc2 Bg4 14. Rfd1 Rc8
15. h3 Bh5 16. Nf5 Bb4 17. g4 Bxc3 18. bxc3 Bg6 19. Bd4 Nc6 20. Qb2 Bxf5 21.
gxf5 Nxd4 22. Rxd4 Ne4 23. Rd3 Qf6 24. Bxe4 dxe4 25. Re3 b6 26. Qb5 Re5 27. Qd7
Rd8 28. Qxa7 Rxf5 29. Rxe4 Qxc3 30. Rf1 Qxh3 0-1

[Event "4NCL/Div1/RIC vs. SWD1"]
[Site "Telford ENG"]
[Date "2003.04.12"]
[Round "7.2"]
[White "Cooper, John G"]
[Black "Wall, Gavin"]
[Result "1/2-1/2"]
[WhiteElo "2318"]
[BlackElo "2383"]
[PlyCount "36"]
[EventDate "2003.04.12"]

1. Nf3 f5 2. c4 Nf6 3. g3 d6 4. d4 g6 5. Bg2 Bg7 6. O-O O-O 7. Nc3 Qe8 8. d5
Na6 9. Nd4 Bd7 10. Rb1 c6 11. b4 Rc8 12. Nc2 Ng4 13. Bd2 e6 14. dxc6 bxc6 15.
e4 Ne5 16. Qe2 Nc7 17. f4 Nf7 18. c5 Nb5 1/2-1/2

[Event "4NCL/Div1/RIC vs. SWD1"]
[Site "Telford ENG"]
[Date "2003.04.12"]
[Round "7.3"]
[White "Rotchev, Iouri"]
[Black "Dineley, Richard DP"]
[Result "1-0"]
[WhiteElo "2300"]
[BlackElo "2265"]
[PlyCount "97"]
[EventDate "2003.04.12"]

1. c4 b6 2. e4 Bb7 3. Nc3 e6 4. Nge2 Nf6 5. d3 c5 6. g3 Nc6 7. Bg2 d6 8. O-O
Be7 9. h3 O-O 10. Be3 a6 11. f4 Qc7 12. g4 Rfe8 13. Rc1 Bf8 14. Bf2 Rac8 15. b3
Qb8 16. Qd2 b5 17. cxb5 axb5 18. Nxb5 Ba6 19. Nbc3 Nb4 20. d4 Nd3 21. dxc5 Nxc1
22. Rxc1 dxc5 23. e5 Red8 24. Qe1 Nd5 25. Nxd5 exd5 26. Ng3 c4 27. e6 Qxf4 28.
Nf5 fxe6 29. Qxe6+ Kh8 30. Rf1 c3 31. Be3 Qxe3+ 32. Nxe3 Bxf1 33. Kxf1 d4 34.
Be4 dxe3 35. Bc2 Re8 36. Qd5 e2+ 37. Ke1 Bc5 38. Qf5 Kg8 39. Qxh7+ Kf8 40. Qf5+
Ke7 41. Kxe2 Bd4 42. g5 Kd6+ 43. Kd3 Bb6 44. Qf4+ Re5 45. h4 Be3 46. Qg3 Bd2
47. b4 Rf8 48. Kc4 Rf1 49. Qd3+ 1-0

[Event "4NCL/Div1/RIC vs. SWD1"]
[Site "Telford ENG"]
[Date "2003.04.12"]
[Round "7.4"]
[White "Rayner, Francis"]
[Black "Hinks-Edwards, Thomas"]
[Result "0-1"]
[WhiteElo "2255"]
[BlackElo "2343"]
[PlyCount "82"]
[EventDate "2003.04.12"]

1. e4 c6 2. d4 d5 3. Nc3 dxe4 4. Nxe4 Nd7 5. Bc4 Ngf6 6. Ng5 e6 7. Qe2 Nb6 8.
Bd3 h6 9. N5f3 c5 10. dxc5 Bxc5 11. Ne5 Qc7 12. Ngf3 Bd7 13. O-O O-O 14. Bd2
Bd6 15. c4 Bc6 16. Rac1 Bxf3 17. Nxf3 Nbd7 18. g3 Rfe8 19. c5 Bf8 20. Bb5 e5
21. c6 bxc6 22. Rxc6 Qb7 23. Rfc1 a6 24. Bxa6 Qxb2 25. R6c2 Qb6 26. Rc6 Qb8 27.
Qc4 e4 28. Bf4 Qb2 29. Rc2 Qa3 30. Nd4 e3 31. fxe3 Ne5 32. Bxe5 Rxe5 33. Rc3
Qa5 34. Rxf6 gxf6 35. Bb7 Rc5 36. Qe2 Rxc3 37. Qg4+ Kh8 38. Bxa8 Qxa8 39. Qf4
Rc1+ 40. Kf2 Qa6 41. Ne2 Rc2 0-1

[Event "4NCL/Div1/RIC vs. SWD1"]
[Site "Telford ENG"]
[Date "2003.04.12"]
[Round "7.5"]
[White "Webb, Laurence E"]
[Black "Zeidler, Sven P"]
[Result "1-0"]
[WhiteElo "2283"]
[BlackElo "2265"]
[PlyCount "63"]
[EventDate "2003.04.12"]

1. e4 d5 2. exd5 Qxd5 3. Nf3 Nf6 4. d4 Bg4 5. Be2 Nc6 6. h3 Bxf3 7. Bxf3 Qe6+
8. Be3 Nd5 9. Qe2 O-O-O 10. Nc3 Ncb4 11. O-O Qg6 12. a3 Nxc3 13. bxc3 Nd5 14.
c4 Nxe3 15. fxe3 e5 16. Rab1 b6 17. c5 e4 18. Bh5 Qc6 19. Bxf7 g6 20. c4 Bh6
21. Bd5 Qa4 22. Kh1 Rhf8 23. Bxe4 Qxa3 24. Qg4+ Kb8 25. Rxf8 Rxf8 26. Qe6 Qxe3
27. Qc6 Kc8 28. cxb6 axb6 29. Ra1 Kd8 30. Ra8+ Ke7 31. Qxc7+ Kf6 32. Qe5+ 1-0

[Event "4NCL/Div1/RIC vs. SWD1"]
[Site "Telford ENG"]
[Date "2003.04.12"]
[Round "7.6"]
[White "Jones, Richard S"]
[Black "Nixon, Thomas CM"]
[Result "1-0"]
[WhiteElo "2246"]
[BlackElo "2206"]
[PlyCount "69"]
[EventDate "2003.04.12"]

1. e4 e5 2. f4 exf4 3. Nf3 d5 4. exd5 Nf6 5. Bc4 Nxd5 6. Bxd5 Qxd5 7. Nc3 Qd8
8. d4 Bd6 9. Qe2+ Kf8 10. O-O Nc6 11. d5 Ne7 12. Ne5 g5 13. b3 Ng6 14. Nc4 Bc5+
15. Kh1 Bd4 16. Qd3 Bf6 17. Ba3+ Kg7 18. Rae1 Re8 19. Rxe8 Qxe8 20. Ne4 Bd8 21.
Bb2+ Kh6 22. Qd4 Qf8 23. d6 cxd6 24. Ncxd6 f5 25. Ne8 Bb6 26. Qg7+ Qxg7 27.
Bxg7+ Kh5 28. N8f6+ Kh4 29. g3+ fxg3 30. hxg3+ Kh3 31. Nxg5+ Kxg3 32. Rf3+ Kh4
33. Bh6 f4 34. Ngxh7 Bg4 35. Bg5# 1-0

[Event "4NCL/Div1/RIC vs. SWD1"]
[Site "Telford ENG"]
[Date "2003.04.12"]
[Round "7.7"]
[White "Franklin, Michael J"]
[Black "James, David J"]
[Result "1/2-1/2"]
[WhiteElo "2222"]
[BlackElo "2253"]
[PlyCount "177"]
[EventDate "2003.04.12"]

1. d4 Nf6 2. Nf3 b6 3. Bf4 Ba6 4. Nbd2 c5 5. e3 Bxf1 6. Nxf1 e6 7. N1d2 Be7 8.
h3 Nc6 9. c3 O-O 10. O-O d5 11. Qe2 a6 12. dxc5 bxc5 13. e4 Qb6 14. Rab1 Rad8
15. e5 Nd7 16. c4 Rfe8 17. cxd5 exd5 18. e6 Bf6 19. exf7+ Kxf7 20. Qd3 Nf8 21.
a3 Kg8 22. Bg5 Bxg5 23. Nxg5 Ne5 24. Qg3 Qg6 25. f4 Nf7 26. h4 Nxg5 27. hxg5
Qf5 28. Qf3 Ne6 29. g4 Qc2 30. Qc3 Nd4 31. Qxc2 Nxc2 32. Rfc1 Nd4 33. Rxc5 Re2
34. Nf1 Nf3+ 35. Kh1 d4 36. Rd1 d3 37. Rc3 d2 38. Rxf3 Re1 39. Rxd2 Rxd2 40. b4
Ra2 41. f5 Kf7 42. Kg1 h6 43. g6+ Kf6 44. Rc3 Raa1 45. Rf3 Re4 46. Kh2 Rxg4 47.
Kh3 Rd4 48. Ng3 Rad1 49. Nh5+ Kg5 50. f6 gxf6 51. g7 Rh4+ 52. Kg2 Rg4+ 53. Kf2
Rd8 54. Nxf6 Rc4 55. g8=Q+ Rxg8 56. Nxg8 h5 57. Ne7 h4 58. Nd5 Rc2+ 59. Ke3 a5
60. Rf2 Rc1 61. Rg2+ Kf5 62. Kf3 axb4 63. axb4 Rf1+ 64. Ke2 Rb1 65. Ne3+ Ke6
66. Rg4 h3 67. Re4+ Kd7 68. Rh4 h2 69. Nd1 Rxb4 70. Rxh2 Rb3 71. Rh6 Ra3 72.
Kd2 Rg3 73. Ne3 Rg1 74. Kd3 Ra1 75. Kd4 Ra4+ 76. Nc4 Ke7 77. Kd5 Ra1 78. Re6+
Kf7 79. Nd6+ Kg7 80. Re7+ Kf6 81. Rf7+ Kg6 82. Rf2 Rd1+ 83. Ke5 Re1+ 84. Ne4
Ra1 85. Rg2+ Kf7 86. Nd6+ Ke7 87. Rg7+ Kd8 88. Kd5 Rd1+ 89. Ke6 1/2-1/2

[Event "4NCL/Div1/RIC vs. SWD1"]
[Site "Telford ENG"]
[Date "2003.04.12"]
[Round "7.8"]
[White "Cast, Abigail"]
[Black "Wilson, Alexandra"]
[Result "1-0"]
[WhiteElo "2114"]
[BlackElo "2037"]
[PlyCount "63"]
[EventDate "2003.04.12"]

1. d4 Nf6 2. Nf3 g6 3. Bg5 Bg7 4. Nbd2 O-O 5. e3 d6 6. Bd3 c5 7. c3 h6 8. Bh4
Nc6 9. O-O cxd4 10. exd4 Nh5 11. Re1 Qc7 12. d5 Ne5 13. Nxe5 Bxe5 14. Nf3 Bg4
15. h3 Bxf3 16. Qxf3 Nf4 17. Bc2 e6 18. dxe6 fxe6 19. Qg4 Qg7 20. Bg3 h5 21.
Qg5 Rf6 22. Rad1 Raf8 23. c4 Qc7 24. b3 Rf5 25. Bxf5 Rxf5 26. Bxf4 Rxg5 27.
Bxg5 Qf7 28. Be3 b6 29. Rd3 Kf8 30. Bh6+ Ke7 31. Bg5+ Ke8 32. Rxe5 1-0

[Event "4NCL/Div1/BAR1 vs. WGR2"]
[Site "Telford ENG"]
[Date "2003.04.12"]
[Round "7.1"]
[White "Kelly, Brian"]
[Black "Littlewood, Paul E"]
[Result "1-0"]
[WhiteElo "2468"]
[BlackElo "2399"]
[PlyCount "87"]
[EventDate "2003.04.12"]

1. d4 Nf6 2. c4 g6 3. Nc3 Bg7 4. e4 d6 5. Nf3 O-O 6. Be2 Nbd7 7. O-O e5 8. Be3
c6 9. Qd2 Ng4 10. Bg5 f6 11. Bh4 Nh6 12. b4 Nf7 13. Rab1 Qe7 14. Rfd1 Re8 15.
h3 a5 16. b5 g5 17. Bg3 f5 18. bxc6 bxc6 19. exf5 e4 20. Nh2 Nf6 21. Ng4 Bxf5
22. Ne3 Bg6 23. Rb6 Rec8 24. Rdb1 h5 25. Rb7 Qf8 26. Na4 Nd8 27. R7b3 Nd7 28.
Qd1 Ne6 29. Rb7 Qe8 30. Bxd6 Nxd4 31. Nb6 Nxe2+ 32. Qxe2 Nxb6 33. R1xb6 Qe6 34.
c5 Bf7 35. a4 Qf6 36. Kh2 Bf8 37. Nc4 Bg6 38. Qe3 Re8 39. Rxc6 Re6 40. Be5 Qf5
41. Rxe6 Qxe6 42. Qxg5 Ra6 43. Rb6 Rxb6 44. cxb6 1-0

[Event "4NCL/Div1/BAR1 vs. WGR2"]
[Site "Telford ENG"]
[Date "2003.04.12"]
[Round "7.2"]
[White "Levitt, Jonathan P"]
[Black "Parker, Jonathan"]
[Result "1/2-1/2"]
[WhiteElo "2419"]
[BlackElo "2545"]
[PlyCount "35"]
[EventDate "2003.04.12"]

1. d4 Nf6 2. c4 e6 3. Nc3 Bb4 4. e3 O-O 5. Bd3 d5 6. a3 Bxc3+ 7. bxc3 dxc4 8.
Bxc4 c5 9. Nf3 Qa5 10. Bd2 Ne4 11. Bd3 Nxd2 12. Qxd2 Nd7 13. O-O b6 14. Rfc1
Bb7 15. e4 Rac8 16. Qg5 h6 17. Qe7 Rcd8 18. a4 1/2-1/2

[Event "4NCL/Div1/BAR1 vs. WGR2"]
[Site "Telford ENG"]
[Date "2003.04.12"]
[Round "7.3"]
[White "Palliser, Richard"]
[Black "Rechel, Bernd"]
[Result "0-1"]
[WhiteElo "2441"]
[BlackElo "2414"]
[PlyCount "81"]
[EventDate "2003.04.12"]

1. d4 f5 2. Nc3 d5 3. Bf4 e6 4. e3 a6 5. Nf3 c5 6. dxc5 Bxc5 7. Bd3 Nf6 8. O-O
Nc6 9. Ne2 Bd6 10. Bxd6 Qxd6 11. c4 Nb4 12. cxd5 Nxd3 13. Qxd3 e5 14. Qc3 e4
15. Ng5 O-O 16. Nf4 Bd7 17. Nge6 Rfc8 18. Qb3 b5 19. Rac1 Rab8 20. a3 h6 21. h4
Rc4 22. Rxc4 bxc4 23. Qc3 Rb3 24. Qxc4 Rxb2 25. Qc5 Qxc5 26. Nxc5 Rd2 27. Rc1
Bb5 28. a4 Be8 29. Nb3 Ra2 30. Nd4 Bd7 31. Rc7 Rxa4 32. f3 Ra2 33. Nh5 Nxh5 34.
Rxd7 f4 35. exf4 e3 36. Re7 Nxf4 37. d6 Rxg2+ 38. Kh1 Rd2 39. Nf5 e2 40. Rxg7+
Kf8 41. Rg1 0-1